| 000 | 01153nam a22002897a 4500 | ||
|---|---|---|---|
| 005 | 20210325174151.0 | ||
| 008 | s2528 th tha d | ||
| 020 | _a9740754716 | ||
| 041 | _atha | ||
| 050 | _aJA77 จ175ล 2528 | ||
| 100 | 0 | _aจรูญ สุภาพ | |
| 245 | 1 | 0 | _aลัทธิการเมืองและเศรษฐกิจเปรียบเทียบ [2nd] |
| 260 | 3 |
_aกรุงเทพฯ : _bไทยวัฒนาพานิช, _c2528 |
|
| 300 |
_a194 หน้า : _b แผนผัง, ตาราง ; _c 24 ซม. |
||
| 650 | 0 | 4 | _aการเมืองเปรียบเทียบ |
| 650 | 0 | 4 | _aประชาธิปไตย |
| 650 | 0 | 4 | _aลัทธิการเมือง |
| 650 | 0 | 4 | _aลัทธิคอมมิวนิสต์ |
| 650 | 0 | 4 | _aลัทธินาซี |
| 650 | 0 | 4 | _aลัทธิฟาสซีสต์ |
| 650 | 0 | 4 | _aเผด็จการ |
| 650 | 0 | 4 | _aเศรษฐศาสตร์เปรียบเทียบ |
| 850 | _aNALT | ||
| 942 | _cGB | ||
| 997 | _c000000000003322 | ||
| 998 | _aSOPAPORN | ||
| 999 |
_c3322 _d3322 |
||